Breaking the angelic image : woman power in Victorian children's fantasy

Αποθηκεύτηκε σε:
Λεπτομέρειες βιβλιογραφικής εγγραφής
Κύριος συγγραφέας: Honig, Edith Lazaros
Μορφή: Βιβλίο
Γλώσσα:English
Δημοσίευση: New York : Greenwood Press, 1988
Σειρά:Contributions in women's studies ; ; no. 97
Θέματα:
Ετικέτες: Προσθήκη ετικέτας
Δεν υπάρχουν, Καταχωρήστε ετικέτα πρώτοι!

MARC

LEADER 00000nam a2200000 i 4500
001 1/73334
008 980604s1988 eng d
020 |a 0-313-26127-X 
035 |l 10031488 
035 |a 1994  |b 3  |c Ζερβού 
035 |a 1995  |b 2  |c Ζερβού 
040 |a GR-MY-UA  |b gre  |e aacr 
041 0 |a eng 
082 0 |a 823.809352042  |2 (19) 
100 1 |a Honig, Edith Lazaros. 
245 1 0 |a Breaking the angelic image :  |b woman power in Victorian children's fantasy /  |c Edith Lazaros Honig 
260 |a New York :   |b Greenwood Press,   |c 1988 
300 |a 156 p.;  |c 22 cm 
490 1 |a Contributions in women's studies  |v ; no. 97  |x 0147-104X 
504 |a Includes bibliographical references and index 
650 0 0 |a English fiction  |y 19th century  |x History and criticism. 
650 0 0 |a Women in literature. 
650 0 0 |a Women and literature  |z Great Britain  |x History  |y 19th century. 
650 0 0 |a Children's stories, English  |x History and criticism. 
650 0 0 |a Fantasy fiction, English  |x History and criticism. 
830 0 |a Contributions in women's studies ;  |v ; no. 97  |x 0147-104X 
852 |a INST  |b RHODES  |e 19980604  |h 823.809352042 HON  |p 005400005431  |q 005400005431  |t BK  |y 0 
852 |a INST  |b RHODES  |e 19980604  |h 823.809352042 HON  |p 005400005432  |q 005400005432  |t BK  |y 0 
909 |a Ρ  |b 038493  |c 1994 
909 |a Ρ  |b 041947  |c 1995